Statistics for Mammal Knowledge #1

Click here to take the quiz!

General Stats

  • This quiz has been taken 17,551 times
  • The average score is 13 of 20

Answer Stats

QuestionAnswer% Correct
What animal is similar to a wallaby, but larger?Kangaroo or Wallaroo
93%
What type of mammal can fly?Bats
88%
What type of animal can't fly, but can glide nearly a hundred meters between trees?Flying {Squirrel}
88%
What are the three largest types of rodent?Beaver
81%
What is the word for a baby goat?Kid
80%
What types of mammals carry their young in pouches?Marsupials
76%
What marine mammal has a large tusk that looks like a unicorn horn?Narwhal
75%
Other than dogs, what animal is commonly used to find truffle mushrooms?Pigs
75%
What North American mammal has been humorously referred to as a "trash panda"?Raccoon
75%
Other than humans, what species of mammal has been known to kill great white sharks?Orca
70%
What mammal species is the heaviest animal to have ever lived on Earth?Blue Whale
67%
What animal, celebrated on February 2nd, is also known as a woodchuck?Groundhog
66%
What are the three largest types of rodent?Porcupine
66%
What mammal uses stones to open shellfish?Otter
58%
What invasive mammal was deliberately introduced into Australia in 1859
with disastrous consequences?
Rabbit
55%
What are the three largest types of rodent?Capybara
48%
What migrating African animal is also known as a gnu?Wildebeest
45%
What mammalian order typically has five fingers and opposable thumbs?Primates
41%
What country has the most different mammal species?Indonesia
29%
Fill in the blank: Bovine is to cows as Cervine is to ____Deer
28%

Score Distribution

Percentile by Number Answered

Percent of People with Each Score

Your Score History

You have not taken this quiz